<?xml version="1.0" encoding="UTF-8"?>
<record
    xmlns:xsi="http://www.w3.org/2001/XMLSchema-instance"
    xsi:schemaLocation="http://www.loc.gov/MARC21/slim http://www.loc.gov/standards/marcxml/schema/MARC21slim.xsd"
    xmlns="http://www.loc.gov/MARC21/slim">

  <leader>05497nam a2200397 a 4500</leader>
  <controlfield tag="003">CHAP</controlfield>
  <controlfield tag="005">20230517131856.0</controlfield>
  <controlfield tag="007">ta</controlfield>
  <controlfield tag="008">230517s2018    njuado|fr|||| 001 0 eng d</controlfield>
  <datafield tag="020" ind1=" " ind2=" ">
    <subfield code="a">9781118432884</subfield>
  </datafield>
  <datafield tag="040" ind1=" " ind2=" ">
    <subfield code="a">mxchpua</subfield>
    <subfield code="c">CHAP</subfield>
    <subfield code="e">rda</subfield>
  </datafield>
  <datafield tag="050" ind1="1" ind2="0">
    <subfield code="a">HD9495.A2</subfield>
    <subfield code="b">.F66 2018</subfield>
  </datafield>
  <datafield tag="082" ind1="0" ind2="0">
    <subfield code="a">664.08</subfield>
    <subfield code="b">F66 2018</subfield>
    <subfield code="2">20</subfield>
  </datafield>
  <datafield tag="245" ind1="1" ind2="0">
    <subfield code="a">Food processing by-products and their utilization /</subfield>
    <subfield code="c">editor Anil Kumar Anal</subfield>
  </datafield>
  <datafield tag="250" ind1=" " ind2=" ">
    <subfield code="a">1a edici&#xF3;n</subfield>
  </datafield>
  <datafield tag="264" ind1=" " ind2=" ">
    <subfield code="a">Hoboken, NJ :</subfield>
    <subfield code="b">John Wiley &amp; Sons,</subfield>
    <subfield code="c">2018</subfield>
  </datafield>
  <datafield tag="300" ind1=" " ind2=" ">
    <subfield code="a">xxi, 570 p&#xE1;ginas :</subfield>
    <subfield code="b">ilustraciones, gr&#xE1;ficas, diagramas, tablas, fotos</subfield>
  </datafield>
  <datafield tag="336" ind1=" " ind2=" ">
    <subfield code="2">rdacontent</subfield>
    <subfield code="a">texto</subfield>
    <subfield code="b">txt</subfield>
  </datafield>
  <datafield tag="337" ind1=" " ind2=" ">
    <subfield code="2">rdamedia</subfield>
    <subfield code="a">sin medio</subfield>
    <subfield code="b">n</subfield>
  </datafield>
  <datafield tag="338" ind1=" " ind2=" ">
    <subfield code="2">rdacarrier</subfield>
    <subfield code="a">volumen</subfield>
    <subfield code="b">nc</subfield>
  </datafield>
  <datafield tag="490" ind1="1" ind2=" ">
    <subfield code="a">IFST Advances in Food Science (Wiley)</subfield>
  </datafield>
  <datafield tag="504" ind1=" " ind2=" ">
    <subfield code="a">Incluye bibliograf&#xED;as</subfield>
  </datafield>
  <datafield tag="505" ind1="0" ind2=" ">
    <subfield code="a">About the IFST Advances in Food Science Book Series --

List of Contributors --

1 Food Processing By-Products and their Utilization: Introduction --
2 Fruit Processing By-Products: A Rich Source for Bioactive Compounds and Value Added Products --
3 Utilization of Waste from Tropical Fruits --
4 Valorization of Vegetable Wastes --
5 Application of Food By-Products in Medical and Pharmaceutical Industries --
6 Dietary Fibers, Dietary Peptides and Dietary Essential Fatty Acids from Food Processing By-Products --
7 Prebiotics and Dietary Fibers from Food Processing By-Products --
8 Utilization of By-Products from Food Processing as Biofertilizers and Biopesticides --
9 Banana Peels and their Prospects for Industrial Utilization --
10 Utilization of Carrot Pomace --
11 Processing and Utilization of Soy Food By-Products --
12 Value-Added By-Products from Rice Processing Industries --
13 Bioprocessing of Beverage Industry Waste for Value Addition --
14 Bioactive Compounds and their Health Effects from Honey Processing Industries --
15 Advances in Milk Fractionation for Value Addition --
16 Bioprocessing of Chicken Meat and Egg Processing Industries&#x2019; Waste to Value-Added Proteins and Peptides --
17 Bioprocessing of Beef and Pork Meat Processing Industries, &#x2018;Waste to Value-Add&#x2018; --
18 Aquaculture and Marine Products Contribution for Healthcare Application --
19 Seafood By-Products in Applications of Biomedicine and Cosmeticuals --
20 Food Industry By-Products as Protein Replacement in Aquaculture Diets of Tilapia and Catfish --
21 Value-Added By-Products from Sugar Processing Industries --
22 Regulatory and Legislative Issues for Food Waste Utilization --
References --
Index </subfield>
  </datafield>
  <datafield tag="520" ind1="2" ind2=" ">
    <subfield code="a">An in-depth look at the economic and environmental benefits that food companies can achieve&#x2014;and the challenges and opportunities they may face&#x2014;by utilizing food processing by-products

Food Processing By-Products and their Utilization is the first book dedicated to food processing by-products and their utilization in a broad spectrum. It provides a comprehensive overview on food processing by-products and their utilization as source of novel functional ingredients. It discusses food groups, including cereals, pulses, fruits, vegetables, meat, dairy, marine, sugarcane, winery, and plantation by-products; addresses processing challenges relevant to food by-products; and delivers insight into the current state of art and emerging technologies to extract valuable phytochemicals from food processing by-products.

Food Processing By-Products and their Utilization offers in-depth chapter coverage of fruit processing by-products; the application of food by-products in medical and pharmaceutical industries; prebiotics and dietary fibers from food processing by-products; bioactive compounds and their health effects from honey processing industries; advances in milk fractionation for value addition; seafood by-products in applications of biomedicine and cosmeticuals; food industry by-products as nutrient replacements in aquaculture diets and agricultural crops; regulatory and legislative issues for food waste utilization; and much more.

The first reference text to bring together essential information on the processing technology and incorporation of by-products into various food applications
Concentrates on the challenges and opportunities for utilizing by-products, including many novel and potential uses for the by-products and waste materials generated by food processing
Focuses on the nutritional composition and biochemistry of by-products, which are key to establishing their functional health benefits as foods
Part of the "IFST Advances in Food Science" series, co-published with the Institute of Food Science and Technology (UK) 
This bookserves as a comprehensive reference for students, educators, researchers, food processors, and industry personnel looking for up-to-date insight into the field. Additionally, the covered range of techniques for by-product utilization will provide engineers and scientists working in the food industry with a valuable resource for their work.</subfield>
  </datafield>
  <datafield tag="650" ind1="1" ind2="3">
    <subfield code="9">147897</subfield>
    <subfield code="a">Procesamiento de alimentos  </subfield>
  </datafield>
  <datafield tag="650" ind1="1" ind2="3">
    <subfield code="9">187075</subfield>
    <subfield code="a">Subproductos agroindustriales</subfield>
  </datafield>
  <datafield tag="650" ind1="1" ind2="3">
    <subfield code="9">187077</subfield>
    <subfield code="a">Utilizaci&#xF3;n de subproductos</subfield>
  </datafield>
  <datafield tag="650" ind1="1" ind2="3">
    <subfield code="9">148659</subfield>
    <subfield code="a">Industria de los alimentos  </subfield>
  </datafield>
  <datafield tag="650" ind1="1" ind2="3">
    <subfield code="9">147896</subfield>
    <subfield code="a">Food processing</subfield>
  </datafield>
  <datafield tag="650" ind1="1" ind2="3">
    <subfield code="9">187076</subfield>
    <subfield code="a">Agroindustrial byproducts</subfield>
  </datafield>
  <datafield tag="650" ind1="1" ind2="3">
    <subfield code="9">187078</subfield>
    <subfield code="a">Byproduct utilization</subfield>
  </datafield>
  <datafield tag="650" ind1="1" ind2="3">
    <subfield code="9">148657</subfield>
    <subfield code="a">Food industry  </subfield>
  </datafield>
  <datafield tag="700" ind1="1" ind2=" ">
    <subfield code="9">187074</subfield>
    <subfield code="a">Anal, Anil Kumar</subfield>
    <subfield code="e">editor</subfield>
  </datafield>
  <datafield tag="830" ind1=" " ind2="0">
    <subfield code="9">187069</subfield>
    <subfield code="a">IFST Advances in Food Science (Wiley)</subfield>
  </datafield>
  <datafield tag="942" ind1=" " ind2=" ">
    <subfield code="2">ddc</subfield>
    <subfield code="c">Libro</subfield>
  </datafield>
  <datafield tag="999" ind1=" " ind2=" ">
    <subfield code="c">218780</subfield>
    <subfield code="d">218780</subfield>
  </datafield>
  <datafield tag="952" ind1=" " ind2=" ">
    <subfield code="0">0</subfield>
    <subfield code="1">0</subfield>
    <subfield code="2">ddc</subfield>
    <subfield code="4">0</subfield>
    <subfield code="5">1</subfield>
    <subfield code="7">0</subfield>
    <subfield code="8">GRAL</subfield>
    <subfield code="a">IA_</subfield>
    <subfield code="b">IA_</subfield>
    <subfield code="d">2019-11-28</subfield>
    <subfield code="e">Compra Librer&#xED;a UACh F. 38696</subfield>
    <subfield code="i">C/e 239</subfield>
    <subfield code="l">0</subfield>
    <subfield code="o">664.08 F66 2018</subfield>
    <subfield code="p">1102014794</subfield>
    <subfield code="r">2023-05-17 00:00:00</subfield>
    <subfield code="t">Ej. 1</subfield>
    <subfield code="w">2023-05-17</subfield>
    <subfield code="y">LIBRO</subfield>
  </datafield>
  <datafield tag="952" ind1=" " ind2=" ">
    <subfield code="0">0</subfield>
    <subfield code="1">0</subfield>
    <subfield code="2">ddc</subfield>
    <subfield code="4">0</subfield>
    <subfield code="5">5</subfield>
    <subfield code="7">0</subfield>
    <subfield code="8">GRAL</subfield>
    <subfield code="a">IA_</subfield>
    <subfield code="b">IA_</subfield>
    <subfield code="d">2019-11-28</subfield>
    <subfield code="e">Compra Librer&#xED;a UACh F. 38696</subfield>
    <subfield code="i">C/e 240</subfield>
    <subfield code="l">0</subfield>
    <subfield code="o">664.08 F66 2018</subfield>
    <subfield code="p">1102014795</subfield>
    <subfield code="r">2023-05-17 00:00:00</subfield>
    <subfield code="t">Ej. 2</subfield>
    <subfield code="w">2023-05-17</subfield>
    <subfield code="y">LIBRO</subfield>
  </datafield>
</record>
